000
00296nam a22001337a 4500
008
181005b xxu||||| |||| 00| 0 eng d
020
_a
0899708595
041
_a
eng
080
_a
610
100
_a
3
101
_a
SHM
245
_a
Code Ethics Medical Ethics
_c
Houdec.f.g
942
_2
udc
_c
BK
999
_c
48905
_d
48905